000 00465nam a2200181Ia 4500
001 2319
005 20260306144758.0
008 260306t2009||||xx |||||||||||||| ||spa||
041 _aESP
082 _a616.8589
_bP26
100 _aParallada, Mara (coordinadora)
_eAUT
245 0 _aTDAH trastorno por déficit de atención e hiperactividad
260 _c2009
300 _a422 páginas :
_c23 cm.
650 _aGEN
654 _aCPS
942 _cLIB
_dJUS
_fJUS
_2ddc
_n
999 _c2319
_d2319